Μεγάλη μαθηματική εγκυκλοπαίδεια

Saved in:
Bibliographic Details
Other Authors: Παπαγεωργίου, Γεώργιος (Editor)
Format: Book
Language:Greek
Published: [χ.τ.] : Δημόκριτος, [19--]
Subjects:
Tags: Add Tag
No Tags, Be the first to tag this record!

MARC

LEADER 00000cam a2200000 i 4500
001 1/19468
008 120511n19uu gr ||| | gre||
035 |l 10112443 
040 |a GR-MyUA  |b gre  |e AACR2 
041 0 |a gre 
082 0 |a 510.3  |2 (22) 
245 1 0 |a Μεγάλη μαθηματική εγκυκλοπαίδεια /  |c συνταχθείσα υπό Επιτροπής Μαθηματικών ; επιμέλεια Γεωργίου Παπαγεωργίου 
260 |a [χ.τ.] :   |b Δημόκριτος,   |c [19--] 
300 |a 6τ. ;   |c 25 εκ.  
500 |a Σύγχρονη έγχρωμη λεξικογραφημένη 
650 0 0 |a Mathematics  |x Encyclopedias. 
700 1 |a Παπαγεωργίου, Γεώργιος,  |e edt 
852 |a INST  |b SAMOS  |c MAG  |e 20120511  |h 510.3 ΜΕΓ  |p 005300033812  |q 005300033812  |t BK  |v τ.1:  |y 0  |z τ.1 
852 |a INST  |b SAMOS  |c MAG  |e 20120511  |h 510.3 ΜΕΓ  |p 005300033813  |q 005300033813  |t BK  |v τ.6:  |y 0  |z τ.6 
852 |a INST  |b SAMOS  |c MAG  |e 20120511  |h 510.3 ΜΕΓ  |p 005300033814  |q 005300033814  |t BK  |v τ.5:  |y 0  |z τ.5 
852 |a INST  |b SAMOS  |c MAG  |e 20120511  |h 510.3 ΜΕΓ  |p 005300033815  |q 005300033815  |t BK  |v τ.4:  |y 0  |z τ.4 
852 |a INST  |b SAMOS  |c MAG  |e 20120511  |h 510.3 ΜΕΓ  |p 005300033816  |q 005300033816  |t BK  |v τ.3:  |y 0  |z τ.3 
852 |a INST  |b SAMOS  |c MAG  |e 20120511  |h 510.3 ΜΕΓ  |p 005300033817  |q 005300033817  |t BK  |v τ.2:  |y 0  |z τ.2 
852 |a INST  |b SAMOS  |c MAG  |e 20150824  |h 510.3 ΜΕΓ  |p 005300035862  |q 005300035862  |t BK  |v τ.1:  |y 0 
853 |a INST  |b SAMOS  |c MAG  |h 510.3 ΜΕΓ 
901 |a BIBL3-2012-1 
909 |a Σ  |b 172251 
909 |a Σ  |b 172252 
909 |a Σ  |b 172253 
909 |a Σ  |b 172254 
909 |a Σ  |b 172255 
909 |a Σ  |b 172256 
920 |a Μάγειρας  |b Παναγιώτης  |y Σάμος  |z 2008-09 
970 |a ΓΟΥΒΑΛΑ  |b ΒΑΣΩ  |z 2012/05/04